| 000 | 00570 a2200193 4500 | ||
|---|---|---|---|
| 020 | _a1-55860-833-8 | ||
| 040 |
_aDLC _bDLC |
||
| 082 | _a004.6 | ||
| 100 | 1 | _aPeterson, Larry L. | |
| 245 | 0 | 0 |
_aComputer networks : a systems approach _cLarry L. Peterson & Bruce S. Davie |
| 250 | _a3rd ed. | ||
| 260 |
_aNew Delhi : _bMorgan Kaufmann, _cc2003. |
||
| 300 | _a813 p. | ||
| 440 | 4 | _aThe Morgan Kaufmann series in networking, | |
| 650 | 0 | _aComputer networks | |
| 650 | 0 | _aInternetworking (Telecommunication) | |
| 700 | 1 | _aDavie, Bruce S. | |
| 942 |
_cBK _k004.65 PET _2ddc |
||
| 999 |
_c9446 _d9446 |
||